[Event "ITA Universities-chT 3rd"]
[Site "Asiago"]
[Date "1995.09.06"]
[Round "2.4"]
[White "Carotenuto, Ennio"]
[Black "Mazzei, Alessandro"]
[Result "1-0"]
[WhiteElo "1913"]
[BlackElo "1960"]
[PlyCount "87"]
[EventDate "1995.09.06"]
[EventType "team-swiss"]
[EventRounds "5"]
[EventCountry "ITA"]
[SourceTitle "EXT 2023"]
[Source "ChessBase"]
[SourceDate "2022.10.05"]
[SourceVersion "1"]
[SourceVersionDate "2022.10.05"]
[SourceQuality "1"]
[WhiteTeam "Roma Sapienza"]
[BlackTeam "Napoli"]
[WhiteTeamCountry "ITA"]
[BlackTeamCountry "ITA"]

1. c4 g6 2. Nc3 Bg7 3. g3 e5 4. Nf3 Nc6 5. Bg2 d6 6. Rb1 a5 7. d3 f5 8. Bg5 Nce7 9. a3 h6 10. Bd2 Nf6 11. h4 0-0 12. 0-0 Nh5 13. Nh2 c6 14. b4 axb4 15. axb4 f4 16. g4 Nf6 17. e3 g5 18. h5 Be6 19. Bf3 Qd7 20. Qe2 d5 21. c5 Ra3 22. Ra1 Rxa1 23. Rxa1 e4 24. dxe4 dxe4 25. Nxe4 Nxe4 26. Rd1 Nxd2 27. Rxd2 Qc8 28. exf4 Rxf4 29. Rd6 Rf6 30. Nf1 Nd5 31. Ng3 Nf4 32. Qd1 Bd5 33. Nf5 Rxd6 34. Ne7+ Kf8 35. Nxc8 Rd7 36. Nd6 Re7 37. Bxd5 Nxd5 38. Qf3+ Kg8 39. Qf5 Re1+ 40. Kg2 Nf4+ 41. Kf3 Rc1 42. Qf7+ Kh8 43. Nf5 Rc3+ 44. Ke4 1-0